[Event "CHN-chT 6th"]
[Site "China"]
[Date "2010.07.24"]
[Round "7"]
[White "Zhang, Xiaowen"]
[Black "Fan, Yun"]
[Result "1/2-1/2"]
[WhiteElo "2437"]
[BlackElo "1962"]
[PlyCount "159"]
[EventDate "2010.04.16"]
[EventType "team-tourn"]
[EventRounds "18"]
[EventCountry "CHN"]
[SourceTitle "EXT 2011"]
[Source "ChessBase"]
[SourceDate "2010.11.26"]
[SourceVersion "1"]
[SourceVersionDate "2010.11.26"]
[SourceQuality "1"]

1. e4 c5 2. Nf3 d6 3. d4 cxd4 4. Nxd4 Nf6 5. Nc3 Nc6 6. Be2 e6 7. Be3 Be7 8. 0-0 0-0 9. f4 a6 10. a4 Qc7 11. Kh1 Bd7 12. Nb3 b6 13. Bf3 Rab8 14. Qe2 Nb4 15. g4 d5 16. e5 Ne4 17. Bd4 Nc5 18. Nc1 Nc6 19. Bf2 f6 20. exf6 Bxf6 21. Qd2 Rbd8 22. Bg3 Bc8 23. N1e2 Ne4 24. Bxe4 dxe4 25. Qe3 Nd4 26. Rac1 Nxe2 27. Qxe2 e3 28. Qxe3 Bb7+ 29. Rf3 Bxf3+ 30. Qxf3 Bxc3 31. bxc3 Qc4 32. Qe3 Qd5+ 33. Kg1 Qc5 34. Qxc5 bxc5 35. Re1 Rd2 36. Rxe6 Rxc2 37. Rxa6 Rb8 38. Re6 Rb1+ 39. Re1 Rbb2 40. f5 Kf7 41. Bd6 Ra2 42. Kh1 Rd2 43. Bf4 Re2 44. Rxe2 Rxe2 45. Bd6 c4 46. a5 Ra2 47. Bc7 Ra3 48. a6 Rxa6 49. Kg2 Kf6 50. Kf3 Ra3 51. Kf4 Ra2 52. Be5+ Kf7 53. Ke3 Rg2 54. h3 Rg1 55. Kd4 Rh1 56. Kxc4 Rxh3 57. Kd5 Rh4 58. c4 Rxg4 59. c5 Ke7 60. Bd6+ Kd7 61. c6+ Kc8 62. Ke6 h5 63. Kf7 h4 64. Be5 h3 65. Bd6 Rg5 66. Ke6 Rg2 67. Kf7 Rf2 68. Kg6 Rg2+ 69. Kf7 h2 70. Bxh2 Rxh2 71. Kxg7 Rg2+ 72. Kf7 Kc7 73. f6 Kxc6 74. Ke7 Re2+ 75. Kd8 Rf2 76. Ke7 Kc7 77. f7 Re2+ 78. Kf6 Rf2+ 79. Ke7 Re2+ 80. Kf6 1/2-1/2

[Event "CHN-chT 6th"]
[Site "China"]
[Date "2010.06.08"]
[Round "5"]
[White "Fan, Yun"]
[Black "Guo, Qi"]
[Result "0-1"]
[WhiteElo "1962"]
[BlackElo "2143"]
[PlyCount "80"]
[EventDate "2010.04.16"]
[EventType "team-tourn"]
[EventRounds "18"]
[EventCountry "CHN"]
[SourceTitle "CBM 136 Extra"]
[Source "ChessBase"]
[SourceDate "2010.07.02"]
[SourceVersion "2"]
[SourceVersionDate "2010.07.15"]
[SourceQuality "1"]

1. e4 e6 2. d4 d5 3. exd5 exd5 4. Bf4 Bd6 5. Bxd6 Qxd6 6. c3 Nf6 7. Bd3 0-0 8. Ne2 b6 9. 0-0 c5 10. Nd2 Nc6 11. Re1 Bg4 12. f3 Bh5 13. Nf1 Rfe8 14. Qd2 Bg6 15. Bxg6 hxg6 16. Rad1 c4 17. Nfg3 b5 18. Qg5 Re7 19. Nf4 Rae8 20. Rxe7 Rxe7 21. a3 Ne5 22. Nf1 Ned7 23. h4 Nb6 24. Qg3 Ne8 25. h5 gxh5 26. Qg5 Qf6 27. Qg3 Qf5 28. Qh4 g5 29. Nxd5 Nxd5 30. Qxh5 Nef6 31. Qh6 Re6 32. Qh2 Nf4 33. Ng3 Qc2 34. Rf1 Kg7 35. d5 N6xd5 36. Nh5+ Nxh5 37. Qxh5 Qd2 38. f4 Nxf4 39. Qxg5+ Rg6 40. Qe5+ Kh7 0-1

[Event "USA-ch (Women)"]
[Site "Saint Louis"]
[Date "2009.10.05"]
[Round "2"]
[White "Fan, Yun"]
[Black "Zenyuk, Iryna"]
[Result "0-1"]
[WhiteElo "1935"]
[BlackElo "2285"]
[PlyCount "120"]
[EventDate "2009.10.04"]
[EventType "tourn"]
[EventRounds "9"]
[EventCountry "USA"]
[EventCategory "2"]
[SourceTitle "CBM 132 Extra"]
[Source "ChessBase"]
[SourceDate "2009.11.03"]
[SourceVersion "1"]
[SourceVersionDate "2009.11.03"]
[SourceQuality "1"]

1. e4 c5 2. Nf3 d6 3. Bb5+ Bd7 4. Bxd7+ Qxd7 5. c4 Nc6 6. Nc3 Nf6 7. d4 cxd4 8. Nxd4 g6 9. f3 Bg7 10. Be3 0-0 11. 0-0 Rfc8 12. b3 Qd8 13. Qd2 Qa5 14. a3 a6 15. Rfc1 Nd7 16. Ra2 Nxd4 17. Bxd4 Bxd4+ 18. Qxd4 Qc5 19. Qxc5 Rxc5 20. a4 Rac8 21. Rd1 Kf8 22. Re2 R5c6 23. Re3 Nc5 24. Rb1 e6 25. Na2 Ke7 26. h3 h5 27. h4 Rb8 28. Rc3 f5 29. exf5 gxf5 30. g3 Rf8 31. a5 Nd7 32. Re1 Kf7 33. Rec1 Rg8 34. Kf2 Rgc8 35. R1c2 Ne5 36. f4 Ng4+ 37. Kf3 Nf6 38. Re3 Rc5 39. Nc3 Rxa5 40. Ne2 Ng4 41. Rd3 e5 42. Rdc3 b5 43. cxb5 Rxc3+ 44. Nxc3 axb5 45. fxe5 dxe5 46. b4 Ra3 47. Ke2 e4 48. Nxb5 Rxg3 49. Rc5 Rg2+ 50. Ke1 Kf6 51. Nd4 Ne5 52. Rb5 Nd3+ 53. Kd1 f4 54. Rxh5 e3 55. Rf5+ Kg6 56. h5+ Kh6 57. Ne2 Rf2 58. b5 f3 59. Rf6+ Kh7 60. Rf7+ Kg8 0-1

[Event "Wch U18 Girls"]
[Site "Kemer"]
[Date "2007.11.26"]
[Round "9"]
[White "Kharmunova, Nadezhda"]
[Black "Fan, Yun"]
[Result "1-0"]
[WhiteElo "2177"]
[BlackElo "1862"]
[PlyCount "77"]
[EventDate "2007.11.18"]
[EventType "swiss"]
[EventRounds "11"]
[EventCountry "TUR"]
[SourceTitle "CBM 121 Extra"]
[Source "ChessBase"]
[SourceDate "2008.01.10"]
[SourceVersion "1"]
[SourceVersionDate "2008.01.10"]
[SourceQuality "1"]

1. e4 c5 2. d3 Nc6 3. g3 d6 4. Bg2 Nf6 5. c4 e6 6. Nc3 Be7 7. Nge2 Rb8 8. 0-0 0-0 9. d4 cxd4 10. Nxd4 Nxd4 11. Qxd4 a6 12. a4 Qa5 13. Bd2 Qh5 14. f3 b6 15. b4 Bb7 16. Ne2 e5 17. Qd3 Qg6 18. Bh3 Nxe4 19. fxe4 Bxe4 20. Qe3 a5 21. Nc3 Bd3 22. Nd5 Bd8 23. Rfc1 axb4 24. Nxb4 Be4 25. Bg2 Bxg2 26. Kxg2 f5 27. Qd3 Rc8 28. Nc6 Kh8 29. Nxd8 Rcxd8 30. Rf1 Qg4 31. h3 Qg6 32. Rab1 Rb8 33. Be3 Qe8 34. Qxd6 Qxa4 35. Rxb6 Rbd8 36. Qxe5 Qxc4 37. Bh6 Rf7 38. Rb8 Qc6+ 39. Kg1 1-0

[Event "Wch U18 Girls"]
[Site "Kemer"]
[Date "2007.11.22"]
[Round "5"]
[White "Gosciniak, Maria"]
[Black "Fan, Yun"]
[Result "1-0"]
[WhiteElo "2026"]
[BlackElo "1862"]
[PlyCount "47"]
[EventDate "2007.11.18"]
[EventType "swiss"]
[EventRounds "11"]
[EventCountry "TUR"]
[SourceTitle "CBM 121 Extra"]
[Source "ChessBase"]
[SourceDate "2008.01.10"]
[SourceVersion "1"]
[SourceVersionDate "2008.01.10"]
[SourceQuality "1"]

1. e4 c5 2. Nf3 d6 3. d4 cxd4 4. Nxd4 Nf6 5. Nc3 Nc6 6. Bg5 e6 7. Qd2 a6 8. 0-0-0 Bd7 9. f4 h6 10. Bxf6 gxf6 11. Be2 b5 12. Bf3 Qb6 13. e5 fxe5 14. fxe5 Be7 15. h4 d5 16. Nxc6 Bxc6 17. Qf4 Bc5 18. Qf6 0-0 19. Kb1 Be3 20. Rh3 Bf2 21. Rf1 b4 22. Nd1 d4 23. Rxf2 Kh7 24. Rg3 1-0